| 000 -LEADER |
| fixed length control field |
00633nam a2200241Ia 4500 |
| 001 - CONTROL NUMBER |
| control field |
1856 |
| 003 - CONTROL NUMBER IDENTIFIER |
| control field |
GE_BSU |
| 008 - FIXED-LENGTH DATA ELEMENTS--GENERAL INFORMATION |
| fixed length control field |
181216s||||||||xx |||||||||||||| ||und|| |
| 020 ## - INTERNATIONAL STANDARD BOOK NUMBER |
| International Standard Book Number |
9785365007932 |
| 040 ## - CATALOGING SOURCE |
| Transcribing agency |
GE_BSU |
| 080 ## - UNIVERSAL DECIMAL CLASSIFICATION NUMBER |
| Universal Decimal Classification number |
347.9(470)(075.8) |
| 100 ## - MAIN ENTRY--PERSONAL NAME |
| Personal name |
Коршунов,Н.М; Мареев, Ю.А; |
| 245 ## - TITLE STATEMENT |
| Title |
Гражданский процесс. |
| 245 ## - TITLE STATEMENT |
| Remainder of title |
Учебник. |
| 250 ## - EDITION STATEMENT |
| Edition statement |
2-е изд, стереот. |
| 260 ## - PUBLICATION, DISTRIBUTION, ETC. |
| Place of publication, distribution, etc. |
Москва |
| 260 ## - PUBLICATION, DISTRIBUTION, ETC. |
| Name of publisher, distributor, etc. |
Омега-Л |
| 260 ## - PUBLICATION, DISTRIBUTION, ETC. |
| Date of publication, distribution, etc. |
2007 |
| 300 ## - PHYSICAL DESCRIPTION |
| Extent |
525 с. 21 см. |
| 653 ## - INDEX TERM--UNCONTROLLED |
| Uncontrolled term |
Гражданский процесс |
| 942 ## - ADDED ENTRY ELEMENTS (KOHA) |
| Koha item type |
წიგნი |